000 00770cam a2200277 4500500
005 20260329002804.0
041 _afre
042 _adc
100 1 0 _aLe Breton, Marine
_eauthor
245 0 0 _aMaurizio Ferraris. L’Être-sans-fil
260 _c2013.
500 _a17
690 _aDerrida
690 _aDossier
690 _aÉcriture
690 _aHeidegger
690 _aMartin Legros
690 _aMaurizio Ferraris
690 _aOralité
690 _aSmartphone
690 _aSurveillance
690 _atéléphone
690 _aTony Curtis
786 0 _nPhilosophie magazine | 73 | 10 | 2013-10-01 | p. 22-24 | 1951-1787
856 4 1 _uhttps://shs.cairn.info/magazine-philosophie-magazine-2013-10-page-22?lang=fr&redirect-ssocas=7080
999 _c1818356
_d1818356